000 00366nam a2200145Ia 4500
008 230917s9999||||xx |||||||||||||| ||und||
040 _e63801
_aMAIN
041 _aEnglish
082 _a515.64 G959C
100 _aGupta, A S
245 0 _aCalculus of variations with applications
260 _aNew Delhi
_bPrentice-Hall
_c1997
300 _aix, 242 p.
942 _cBK
999 _c98373
_d98373